Yleistieto #22 - Statistics

Yleistilastot
  • Tätä visaa on pelattu 893 kertaa
  • Keskiarvotulos 7 / 15
Vastaustilastot
Vinkki Vastaus % Oikein
Minä vuonna Suomi liittyi Euroopan Unioniin? 1995
94%
Mistä kaupungista on kotoisin jääkiekkojoukkue Lukko? Raumalta
86%
Ruotsi
85%
Kuka lastenkirjailija kehitti 'Peppi Pitkätossun'? Astrid Lindgren
83%
Kuka oli John Lennonin puoliso tämän kuollessa? Yoko Ono
59%
Kenen kuvanveistäjän patsas on Daavid? Michelangelon
53%
Mikä on Puolan suurin satamakaupunki? Gdansk
52%
Mitkä muut maat liittyivät samaan aikaan? Itävalta
42%
Kuka kehitti "Simpsonit"? Matt Groening
29%
Kuka impressionisti taiteilija on tunnettu lumpeiden maalajana? Claude Monet
26%
Mikä on Madagaskarin pääkaupunki? Antananarivo
24%
Kuka oli Madonnan ensimmäinen aviomies? Sean Penn
23%
Minkä niminen suuri järvi on Viron ja Venäjän välillä? Peipsi järvi
21%
Minkä yhtyeen levy on "Slippery When Wet"? Bon Jovin
20%
^Mikä on sen entinen (saksankielinen)nimi? Danzig
20%
Ehtoja vastaavia visoja ei löytynyt
Tulosjakauma
Jokaisen tuloksen saaneiden osuus
Persentiili vastausten määrän mukaan
Tuloshistoriasi
Et ole pelannut tätä visaa